W jakich państwach są te organizmy? - Statystyki

Ogólne statystyki
  • Ten quiz został rozwiązany 14 razy
  • Średni wynik to 5 z 10
Statystyki odpowiedzi
Organizm Państwo % Poprawnych
Ziemniaczka Chiny
88%
Allogamus Starmachi Polska
88%
Wombaty Australia
75%
Neviusie Stany Zjednoczone Ameryki
75%
Wieczorna cykada Japonia
63%
Wikłacz Krasnoszyi Nigeria
38%
Pimoko Serbia
38%
Pulsatilla Slavica Słowacja
38%
Hibiskus Izrael
13%
Aaadonta fuscozonata Palau
13%
Nie znaleziono quizów pasujących do podanych kryteriów
Rozkład punktacji
Procent ludzi z każdym wynikiem
Percentyl według liczby udzielonych odpowiedzi
Twoja historia wyników
Nie rozwiązałeś tego quizu